Normal view
MARC view
Entry Personal Name
001 - CONTROL NUMBER
- : 3028
003 - CONTROL NUMBER IDENTIFIER
- : OSt
005 - DATE AND TIME OF LATEST TRANSACTION
- : 20251229145434.0
008 - FIXED-LENGTH DATA ELEMENTS
- : 251229|| aca||aabn | a|a d
040 ## - CATALOGING SOURCE
- : OSt
- : OSt
100 ## - HEADING--PERSONAL NAME
- : Singh, Bhagat
670 ## - SOURCE DATA FOUND
- : Work cat.: (OSt)10156: Singh, Bhagat, Why I Am an Atheist and Other Works, 2020.
942 ## - KOHA INTERNAL USE
- : PERSO_NAME